000 00339nam a2200133Ia 4500
005 20260328104249.0
008 260328s9999||||xx |||||||||||||| ||und||
100 _aWhelan, Richard
245 0 _aRobert Capa :
_b The definitive Collection /
_cRichard Whelan
260 _bPhaidon
300 _a571 p.
650 _aFOTOGRAFÍA
942 _cBK
999 _c10187
_d10187